Trozucos : (Record no. 196755)

MARC details
000 -LEADER
campo de control de longitud fija 01296nam a2200301 i 4500
001 - NÚMERO DE CONTROL
campo de control 196755
003 - IDENTIFICADOR DE NÚMERO DE CONTROL
campo de control SpMaBN
005 - FECHA Y HORA DE LA ÚLTIMA TRANSACCIÓN
campo de control 20250723063409.0
008 - DATOS DE LONGITUD FIJA--INFORMACIÓN GENERAL
campo de control de longitud fija 241022s2024 xx |||||||||||00| ||spa||
017 ## - NÚMERO DE COPYRIGHT O DE DEPÓSITO LEGAL
Número de copyright o de depósito legal SA 32-2024
Agencia que asigna Oficina Depósito Legal Cantabria
020 ## - NÚMERO INTERNACIONAL ESTÁNDAR DEL LIBRO
Número Internacional Estándar del Libro 9788412761788
040 ## - FUENTE DE CATALOGACIÓN
Centro catalogador/agencia de origen SpMaBN
Lengua de catalogación spa
Centro/agencia transcriptor SpMaBN
Normas de descripción rda
100 1# - ENTRADA PRINCIPAL--NOMBRE DE PERSONA
Nombre de persona Cuesta Terán, Álvaro
9 (RLIN) 239295
Término indicativo de función/relación Autor
245 10 - MENCIÓN DEL TÍTULO
Título Trozucos :
Resto del título el valor y deber en la vida de una mujer cántabra /
Mención de responsabilidad, etc. Álvaro María Cuesta Terán ; prólogo de José Antonio González Gómez "MARNAY"
260 ## - PUBLICACIÓN, DISTRIBUCIÓN, ETC.
Lugar de publicación, distribución, etc. Santander :
Nombre del editor, distribuidor, etc. Ediciones Tantín,
Fecha de publicación, distribución, etc. 2024
300 ## - DESCRIPCIÓN FÍSICA
Extensión 323 páginas ;
Dimensiones 21 cm
336 ## - TIPO DE CONTENIDO
Término de tipo de contenido Texto
Fuente rdacontent
337 ## - TIPO DE MEDIO
Nombre/término del tipo de medio sin mediación
Fuente rdamedia
338 ## - TIPO DE SOPORTE
Nombre/término del tipo de soporte volumen
Fuente rdacarrier
600 14 - PUNTO DE ACCESO ADICIONAL DE MATERIA--NOMBRE DE PERSONA
Nombre de persona Valle, Delfina Matilde del,
Fechas asociadas al nombre 1885-1964
9 (RLIN) 241370
700 1# - ENTRADA AGREGADA--NOMBRE PERSONAL
Nombre de persona González Gómez, José Antonio
Término indicativo de función/relación Autor de introducción
9 (RLIN) 241371
852 ## - LOCALIZACIÓN
Ubicación ES-MaACL
Ubicación en estantería Depósito J
Número de control de estantería N-10179
Anotaciones manuscritas Dedicatoria autógrafa del autor
Donativo/Legado Donación: Álvaro María Cuesta Terán
Encuadernación Encuadernación rústica con solapas
itemnumber 206306
903 ## - NOMBRE PERSONAL DE DONANTE
9 239295
a Cuesta Terán, Álvaro
e Donante
942 ## - ELEMENTOS DE ENTRADA SECUNDARIOS (KOHA)
Tipo de ítem Koha Libro impreso
Suprimir en OPAC No
Holdings
Estatus retirado Estado de pérdida Fuente del sistema de clasificación o colocación Estado de daño No para préstamo Colección Biblioteca de origen Biblioteca actual Ubicación en estantería Fecha de adquisición Fuente de adquisición Total de préstamos Signatura topográfica completa Código de barras Visto por última vez Precio de reemplazo Tipo de ítem Koha
    Clasificación decimal universal     Libros con dedicatorias Biblioteca del Ateneo de Madrid Biblioteca del Ateneo de Madrid Depósito J 21/07/2025 Donación   N-10179 2025-0691 21/07/2025 21/07/2025 Libro impreso